[Event "Russian Rapid Team Championship (w)"]
[Site "Sochi"]
[Date "2022.10.18"]
[Round "3.5"]
[White "Voit, Daria"]
[Black "Nur-Mukhametova, Alisa"]
[Result "1-0"]
[BlackElo "2052"]
[WhiteElo "2297"]
[LiveChessVersion "1.4.8"]

1. d4 {[%clk 0:13:25]} Nf6 {[%clk 0:15:18]} 2. c4 {[%clk 0:13:33]} e6
{[%clk 0:15:26]} 3. Nf3 {[%clk 0:13:41]} d5 {[%clk 0:15:34]} 4. g3
{[%clk 0:13:49]} Bb4+ {[%clk 0:15:42]} 5. Bd2 {[%clk 0:13:57]} Be7
{[%clk 0:15:38]} 6. Bg2 {[%clk 0:14:05]} O-O {[%clk 0:15:46]} 7. Qc2
{[%clk 0:14:13]} Nbd7 {[%clk 0:15:36]} 8. O-O {[%clk 0:14:19]} c6
{[%clk 0:15:33]} 9. a4 {[%clk 0:14:18]} a5 {[%clk 0:15:19]} 10. Rc1
{[%clk 0:14:23]} b6 {[%clk 0:14:58]} 11. cxd5 {[%clk 0:14:30]} cxd5
{[%clk 0:14:55]} 12. Nc3 {[%clk 0:14:37]} Ba6 {[%clk 0:14:44]} 13. Nb5
{[%clk 0:14:44]} Ne4 {[%clk 0:14:29]} 14. Bf4 {[%clk 0:14:19]} Bb4
{[%clk 0:11:51]} 15. Ne5 {[%clk 0:11:58]} Nxe5 {[%clk 0:11:29]} 16. Bxe4
{[%clk 0:11:56]} dxe4 {[%clk 0:07:27]} 17. Bxe5 {[%clk 0:12:01]} Bxb5
{[%clk 0:07:01]} 18. axb5 {[%clk 0:12:09]} f6 {[%clk 0:06:44]} 19. Bc7
{[%clk 0:09:25]} Qxd4 {[%clk 0:06:27]} 20. Qc6 {[%clk 0:09:12]} Bc5
{[%clk 0:04:57]} 21. Qxe6+ {[%clk 0:09:09]} Kh8 {[%clk 0:04:54]} 22. e3
{[%clk 0:09:17]} Qxb2 {[%clk 0:04:48]} 23. Rab1 {[%clk 0:09:26]} Qa3
{[%clk 0:02:42]} 24. Bxb6 {[%clk 0:09:31]} Rfe8 {[%clk 0:01:22]} 25. Qc6
{[%clk 0:09:14]} Bxb6 {[%clk 0:01:27]} 26. Qxb6 {[%clk 0:09:21]} a4
{[%clk 0:01:01]} 27. Qc7 {[%clk 0:06:51]} h6 {[%clk 0:00:43]} 28. b6
{[%clk 0:06:57]} Rab8 {[%clk 0:00:34]} 29. b7 {[%clk 0:07:05]} Qd3
{[%clk 0:00:17]} 30. Rd1 {[%clk 0:06:01]} Qe2 {[%clk 0:00:12]} 31. Rd7
{[%clk 0:05:52]} Qg4 {[%clk 0:00:21]} 32. Ra1 {[%clk 0:05:38]} h5
{[%clk 0:00:13]} 33. h3 {[%clk 0:05:27]} Qxh3 {[%clk 0:00:13]} 34. Rxg7
{[%clk 0:05:34]} Qf5 {[%clk 0:00:21]} 35. Rxa4 {[%clk 0:05:36]} Rbd8
{[%clk 0:00:18]} 36. Ra1 {[%clk 0:04:37]} Rd2 {[%clk 0:00:27]} 37. Rf1
{[%clk 0:04:35]} Qh3 {[%clk 0:00:11]} 38. Rh7+ {[%clk 0:04:41]} 1-0

[Event "Russian Rapid Team Championship (w)"]
[Site "Sochi"]
[Date "2022.10.18"]
[Round "3.6"]
[White "Yakimova, Mariya"]
[Black "Kovalevskaya, Ekaterina"]
[Result "1/2-1/2"]
[BlackElo "2257"]
[WhiteElo "2134"]
[LiveChessVersion "1.4.8"]

1. d4 {[%clk 0:15:17]} Nf6 {[%clk 0:15:19]} 2. c4 {[%clk 0:15:23]} d6
{[%clk 0:15:24]} 3. Nf3 {[%clk 0:15:25]} Nbd7 {[%clk 0:15:32]} 4. g3
{[%clk 0:15:26]} e5 {[%clk 0:15:40]} 5. Bg2 {[%clk 0:15:35]} g6 {[%clk 0:15:46]}
6. O-O {[%clk 0:15:42]} Bg7 {[%clk 0:15:53]} 7. Nc3 {[%clk 0:15:49]} O-O
{[%clk 0:16:00]} 8. h3 {[%clk 0:15:55]} exd4 {[%clk 0:15:51]} 9. Nxd4
{[%clk 0:16:03]} Re8 {[%clk 0:16:00]} 10. e4 {[%clk 0:15:30]} Nc5
{[%clk 0:15:55]} 11. Re1 {[%clk 0:15:05]} Bd7 {[%clk 0:15:39]} 12. Rb1
{[%clk 0:13:45]} a5 {[%clk 0:15:39]} 13. b3 {[%clk 0:13:16]} Qc8 {[%clk 0:14:05]}
14. Kh2 {[%clk 0:13:20]} h5 {[%clk 0:13:51]} 15. f3 {[%clk 0:11:35]} h4
{[%clk 0:09:03]} 16. g4 {[%clk 0:11:44]} Ne6 {[%clk 0:08:26]} 17. Nde2
{[%clk 0:09:09]} c6 {[%clk 0:04:15]} 18. Be3 {[%clk 0:08:44]} Qc7
{[%clk 0:03:41]} 19. Kh1 {[%clk 0:08:41]} Rad8 {[%clk 0:03:41]} 20. Qd2
{[%clk 0:08:45]} Bc8 {[%clk 0:03:43]} 21. Rbd1 {[%clk 0:07:53]} b5
{[%clk 0:01:50]} 22. cxb5 {[%clk 0:07:17]} d5 {[%clk 0:01:59]} 23. b6
{[%clk 0:06:41]} Qb8 {[%clk 0:02:08]} 24. exd5 {[%clk 0:05:31]} Nxd5
{[%clk 0:02:15]} 25. Nxd5 {[%clk 0:05:28]} Rxd5 {[%clk 0:01:11]} 26. Qc1
{[%clk 0:05:29]} Rxd1 {[%clk 0:01:01]} 27. Rxd1 {[%clk 0:05:14]} c5
{[%clk 0:00:39]} 28. Nc3 {[%clk 0:03:18]} Qxb6 {[%clk 0:00:41]} 29. Na4
{[%clk 0:02:57]} Qb8 {[%clk 0:00:36]} 30. Nxc5 {[%clk 0:01:30]} Nxc5
{[%clk 0:00:44]} 31. Bxc5 {[%clk 0:01:38]} Bb7 {[%clk 0:00:43]} 32. Qd2
{[%clk 0:00:38]} Qa8 {[%clk 0:00:35]} 33. Qf2 {[%clk 0:00:44]} Be5
{[%clk 0:00:27]} 34. Bd6 {[%clk 0:00:38]} Rd8 {[%clk 0:00:24]} 35. Bxe5
{[%clk 0:00:29]} Rxd1+ {[%clk 0:00:32]} 36. Kh2 {[%clk 0:00:39]} Qd8
{[%clk 0:00:35]} 37. Qe3 {[%clk 0:00:26]} f6 {[%clk 0:00:27]} 1/2-1/2

[Event "Russian Rapid Team Championship (w)"]
[Site "Sochi"]
[Date "2022.10.18"]
[Round "3.7"]
[White "Bivol, Alina"]
[Black "Shafigullina, Zarina"]
[Result "1-0"]
[BlackElo "2143"]
[WhiteElo "2264"]
[LiveChessVersion "1.4.8"]

1. e4 {[%clk 0:14:16]} c5 {[%clk 0:15:19]} 2. Nf3 {[%clk 0:14:24]} Nc6
{[%clk 0:15:28]} 3. d4 {[%clk 0:14:32]} cxd4 {[%clk 0:15:36]} 4. Nxd4
{[%clk 0:14:40]} Nf6 {[%clk 0:15:45]} 5. Nc3 {[%clk 0:14:48]} e5 {[%clk 0:15:54]}
6. Ndb5 {[%clk 0:14:57]} d6 {[%clk 0:16:02]} 7. Bg5 {[%clk 0:15:05]} a6
{[%clk 0:16:11]} 8. Na3 {[%clk 0:15:13]} b5 {[%clk 0:16:21]} 9. Bxf6
{[%clk 0:15:21]} gxf6 {[%clk 0:16:30]} 10. Nd5 {[%clk 0:15:29]} f5
{[%clk 0:16:39]} 11. g3 {[%clk 0:15:38]} Bg7 {[%clk 0:16:19]} 12. Bg2
{[%clk 0:15:21]} Rb8 {[%clk 0:15:20]} 13. exf5 {[%clk 0:15:15]} Bxf5
{[%clk 0:15:18]} 14. Ne3 {[%clk 0:15:20]} Ne7 {[%clk 0:15:16]} 15. Nxf5
{[%clk 0:15:11]} Nxf5 {[%clk 0:15:24]} 16. Qg4 {[%clk 0:14:08]} Qf6
{[%clk 0:15:17]} 17. c3 {[%clk 0:13:47]} h5 {[%clk 0:14:22]} 18. Qe2
{[%clk 0:13:18]} Ne7 {[%clk 0:13:00]} 19. Nc2 {[%clk 0:13:18]} d5
{[%clk 0:10:03]} 20. Rd1 {[%clk 0:12:40]} Qe6 {[%clk 0:09:38]} 21. h4
{[%clk 0:12:30]} Rd8 {[%clk 0:09:15]} 22. O-O {[%clk 0:11:37]} f5
{[%clk 0:05:10]} 23. Nb4 {[%clk 0:09:13]} e4 {[%clk 0:04:33]} 24. a4
{[%clk 0:09:04]} bxa4 {[%clk 0:03:45]} 25. Ra1 {[%clk 0:08:42]} O-O
{[%clk 0:01:31]} 26. Kh2 {[%clk 0:07:28]} f4 {[%clk 0:01:12]} 27. Qxh5
{[%clk 0:07:26]} a5 {[%clk 0:00:21]} 28. Nc2 {[%clk 0:07:34]} Qd6
{[%clk 0:00:30]} 29. Nd4 {[%clk 0:07:30]} Bxd4 {[%clk 0:00:12]} 30. cxd4
{[%clk 0:07:38]} Nf5 {[%clk 0:00:20]} 31. Qg5+ {[%clk 0:07:31]} Kh8
{[%clk 0:00:26]} 32. Rxa4 {[%clk 0:07:19]} e3 {[%clk 0:00:13]} 33. Rxa5
{[%clk 0:05:17]} exf2 {[%clk 0:00:11]} 34. Qxf4 {[%clk 0:05:20]} Qxf4
{[%clk 0:00:20]} 35. gxf4 {[%clk 0:05:29]} Nxh4 {[%clk 0:00:25]} 36. Rxf2
{[%clk 0:05:35]} Rd7 {[%clk 0:00:33]} 37. Rxd5 {[%clk 0:04:52]} Rh7
{[%clk 0:00:40]} 38. Kg1 {[%clk 0:04:52]} Nf5 {[%clk 0:00:17]} 39. Be4
{[%clk 0:03:16]} Rg8+ {[%clk 0:00:14]} 40. Rg2 {[%clk 0:03:03]} Rxg2+
{[%clk 0:00:15]} 41. Bxg2 {[%clk 0:03:11]} Rf7 {[%clk 0:00:12]} 42. Kf2
{[%clk 0:02:31]} Kg7 {[%clk 0:00:20]} 43. Be4 {[%clk 0:02:34]} Ne7
{[%clk 0:00:18]} 44. Rg5+ {[%clk 0:02:42]} Kh6 {[%clk 0:00:14]} 45. Ke3
{[%clk 0:02:40]} Rf6 {[%clk 0:00:21]} 46. Re5 {[%clk 0:02:32]} Nc8
{[%clk 0:00:19]} 47. d5 {[%clk 0:02:32]} Nd6 {[%clk 0:00:12]} 48. Re6
{[%clk 0:02:19]} Kg7 {[%clk 0:00:21]} 49. Rxf6 {[%clk 0:02:22]} Kxf6
{[%clk 0:00:29]} 50. b4 {[%clk 0:02:16]} Nb5 {[%clk 0:00:26]} 51. Bd3
{[%clk 0:02:24]} Nd6 {[%clk 0:00:18]} 52. Kd4 {[%clk 0:02:31]} Nb7
{[%clk 0:00:25]} 53. b5 {[%clk 0:02:33]} 1-0

[Event "Russian Rapid Team Championship (w)"]
[Site "Sochi"]
[Date "2022.10.18"]
[Round "3.8"]
[White "Nasyrova, Ekaterina"]
[Black "Borisova, Ekaterina"]
[Result "1/2-1/2"]
[BlackElo "2150"]
[WhiteElo "2157"]
[LiveChessVersion "1.4.8"]

1. d4 {[%clk 0:15:19]} Nf6 {[%clk 0:15:19]} 2. Nf3 {[%clk 0:15:27]} g6
{[%clk 0:15:28]} 3. Nc3 {[%clk 0:15:36]} d5 {[%clk 0:15:37]} 4. Bf4
{[%clk 0:15:43]} Bg7 {[%clk 0:15:46]} 5. e3 {[%clk 0:15:52]} O-O {[%clk 0:15:50]}
6. Nb5 {[%clk 0:16:00]} Na6 {[%clk 0:15:59]} 7. h3 {[%clk 0:16:08]} Ne4
{[%clk 0:16:01]} 8. Be2 {[%clk 0:15:54]} c6 {[%clk 0:16:05]} 9. Na3
{[%clk 0:15:58]} c5 {[%clk 0:15:21]} 10. c3 {[%clk 0:15:54]} Bf5 {[%clk 0:15:12]}
11. O-O {[%clk 0:15:53]} Nb8 {[%clk 0:15:15]} 12. Nd2 {[%clk 0:15:27]} cxd4
{[%clk 0:15:08]} 13. Nxe4 {[%clk 0:15:07]} dxe4 {[%clk 0:14:17]} 14. cxd4
{[%clk 0:15:08]} Nc6 {[%clk 0:14:26]} 15. Nc4 {[%clk 0:13:20]} b5
{[%clk 0:14:02]} 16. Ne5 {[%clk 0:13:19]} Nxe5 {[%clk 0:13:55]} 17. dxe5
{[%clk 0:10:47]} Qa5 {[%clk 0:13:49]} 18. g4 {[%clk 0:09:32]} Be6
{[%clk 0:12:57]} 19. Qe1 {[%clk 0:08:34]} Qb6 {[%clk 0:11:49]} 20. Qb4
{[%clk 0:08:33]} Rfd8 {[%clk 0:11:41]} 21. Rfd1 {[%clk 0:08:16]} Bc4
{[%clk 0:09:27]} 22. Bxc4 {[%clk 0:06:32]} bxc4 {[%clk 0:09:35]} 23. Qxc4
{[%clk 0:04:45]} Qxb2 {[%clk 0:09:06]} 24. Qxe4 {[%clk 0:04:49]} Rac8
{[%clk 0:08:50]} 25. a4 {[%clk 0:04:26]} Rd2 {[%clk 0:08:45]} 26. Rab1
{[%clk 0:04:01]} Rxd1+ {[%clk 0:08:21]} 27. Rxd1 {[%clk 0:04:09]} Bf8
{[%clk 0:08:24]} 28. Bg3 {[%clk 0:03:23]} Qb3 {[%clk 0:07:22]} 29. Rb1
{[%clk 0:03:12]} Qa2 {[%clk 0:07:19]} 30. Rd1 {[%clk 0:00:16]} a5
{[%clk 0:07:05]} 31. Kg2 {[%clk 0:00:18]} Rc4 {[%clk 0:05:35]} 32. Qa8
{[%clk 0:00:20]} Qxa4 {[%clk 0:05:43]} 33. Rd8 {[%clk 0:00:15]} Qc6+
{[%clk 0:05:51]} 34. Qxc6 {[%clk 0:00:17]} Rxc6 {[%clk 0:06:00]} 35. Ra8
{[%clk 0:00:26]} Rc5 {[%clk 0:05:57]} 36. Kf3 {[%clk 0:00:20]} Kg7
{[%clk 0:06:00]} 37. Ke4 {[%clk 0:00:25]} Rb5 {[%clk 0:06:00]} 38. Bf4
{[%clk 0:00:13]} Rb4+ {[%clk 0:05:57]} 39. Kf3 {[%clk 0:00:20]} a4
{[%clk 0:05:52]} 40. Bh6+ {[%clk 0:00:16]} Kxh6 {[%clk 0:06:00]} 41. Rxf8
{[%clk 0:00:25]} Kg7 {[%clk 0:06:08]} 42. Ra8 {[%clk 0:00:33]} h5
{[%clk 0:05:41]} 43. Kg3 {[%clk 0:00:33]} Rc4 {[%clk 0:05:08]} 44. Ra7
{[%clk 0:00:34]} e6 {[%clk 0:05:17]} 45. f3 {[%clk 0:00:24]} Rc3 {[%clk 0:04:41]}
46. Rxa4 {[%clk 0:00:28]} Rxe3 {[%clk 0:04:49]} 47. Kf4 {[%clk 0:00:21]} Re1
{[%clk 0:04:51]} 48. gxh5 {[%clk 0:00:21]} gxh5 {[%clk 0:04:59]} 49. h4
{[%clk 0:00:26]} Rg1 {[%clk 0:04:48]} 50. Ra7 {[%clk 0:00:19]} Kg6
{[%clk 0:04:40]} 51. Rb7 {[%clk 0:00:16]} Rh1 {[%clk 0:04:47]} 52. Kg3
{[%clk 0:00:25]} Rc1 {[%clk 0:04:52]} 53. Kf4 {[%clk 0:00:28]} Rc4+
{[%clk 0:05:00]} 54. Kg3 {[%clk 0:00:37]} Ra4 {[%clk 0:05:06]} 55. Rc7
{[%clk 0:00:44]} Ra1 {[%clk 0:05:04]} 56. Kf4 {[%clk 0:00:47]} Rh1
{[%clk 0:02:25]} 57. Kg3 {[%clk 0:00:55]} Kg7 {[%clk 0:02:33]} 58. Ra7
{[%clk 0:00:58]} Re1 {[%clk 0:02:31]} 59. Kf4 {[%clk 0:01:05]} Kg6
{[%clk 0:02:39]} 60. Rb7 {[%clk 0:00:59]} Re2 {[%clk 0:02:45]} 61. Ra7
{[%clk 0:01:05]} Rc2 {[%clk 0:02:54]} 62. Rb7 {[%clk 0:01:08]} Rc8
{[%clk 0:03:03]} 63. Ra7 {[%clk 0:01:09]} Rd8 {[%clk 0:03:09]} 64. Rb7
{[%clk 0:01:05]} Rd4+ {[%clk 0:03:16]} 65. Kg3 {[%clk 0:01:13]} Ra4
{[%clk 0:03:23]} 66. Rc7 {[%clk 0:01:19]} Ra8 {[%clk 0:03:32]} 67. Rb7
{[%clk 0:01:22]} Rg8 {[%clk 0:03:35]} 68. Kf4 {[%clk 0:01:29]} Rg7
{[%clk 0:03:44]} 69. Rb8 {[%clk 0:01:22]} Kh7 {[%clk 0:03:45]} 70. Rf8
{[%clk 0:01:26]} Kg6 {[%clk 0:03:47]} 71. Rh8 {[%clk 0:01:30]} f6
{[%clk 0:02:46]} 72. exf6 {[%clk 0:01:37]} Kxf6 {[%clk 0:01:14]} 73. Rxh5
{[%clk 0:01:38]} Rg1 {[%clk 0:01:22]} 74. Ra5 {[%clk 0:00:35]} Rh1
{[%clk 0:01:28]} 75. Kg4 {[%clk 0:00:29]} Rg1+ {[%clk 0:01:32]} 76. Kf4
{[%clk 0:00:32]} Rh1 {[%clk 0:01:40]} 77. Kg4 {[%clk 0:00:20]} Rg1+
{[%clk 0:01:49]} 78. Kf4 {[%clk 0:00:28]} 1/2-1/2

[Event "Russian Rapid Team Championship (w)"]
[Site "Sochi"]
[Date "2022.10.18"]
[Round "3.9"]
[White "Fominykh, Maria"]
[Black "Maletina, Tatiana"]
[Result "1-0"]
[BlackElo "2116"]
[WhiteElo "2086"]
[LiveChessVersion "1.4.8"]

1. Nf3 {[%clk 0:15:09]} d6 {[%clk 0:15:08]} 2. d4 {[%clk 0:15:13]} f5
{[%clk 0:15:16]} 3. c4 {[%clk 0:14:50]} Nf6 {[%clk 0:15:24]} 4. Nc3
{[%clk 0:14:51]} g6 {[%clk 0:15:33]} 5. h4 {[%clk 0:12:28]} Bg7 {[%clk 0:15:29]}
6. h5 {[%clk 0:12:19]} Nxh5 {[%clk 0:13:54]} 7. e4 {[%clk 0:12:06]} Nf6
{[%clk 0:11:42]} 8. Bd3 {[%clk 0:11:56]} e6 {[%clk 0:09:27]} 9. Qe2
{[%clk 0:10:51]} Qe7 {[%clk 0:07:19]} 10. e5 {[%clk 0:07:13]} dxe5
{[%clk 0:07:20]} 11. Nxe5 {[%clk 0:05:52]} Nbd7 {[%clk 0:06:01]} 12. Bg5
{[%clk 0:05:45]} c5 {[%clk 0:04:56]} 13. Nb5 {[%clk 0:05:22]} O-O
{[%clk 0:04:46]} 14. f4 {[%clk 0:02:44]} cxd4 {[%clk 0:04:22]} 15. O-O-O
{[%clk 0:02:30]} Nc5 {[%clk 0:03:28]} 16. Nxd4 {[%clk 0:02:18]} Qe8
{[%clk 0:02:53]} 17. Nb5 {[%clk 0:02:06]} a6 {[%clk 0:02:17]} 18. Nc7
{[%clk 0:02:02]} Qa4 {[%clk 0:02:25]} 19. Nxa8 {[%clk 0:01:00]} Qxa2
{[%clk 0:02:34]} 20. Kc2 {[%clk 0:00:58]} Nfe4 {[%clk 0:01:47]} 21. Bxe4
{[%clk 0:00:49]} fxe4 {[%clk 0:01:54]} 22. Ra1 {[%clk 0:00:45]} Qb3+
{[%clk 0:02:03]} 23. Kb1 {[%clk 0:00:54]} Bxe5 {[%clk 0:02:08]} 24. fxe5
{[%clk 0:00:57]} Nd3 {[%clk 0:01:44]} 25. Bf6 {[%clk 0:01:03]} Bd7
{[%clk 0:01:26]} 26. Ra3 {[%clk 0:01:06]} Qxc4 {[%clk 0:01:26]} 27. Nb6
{[%clk 0:01:13]} Qc6 {[%clk 0:01:06]} 28. Nxd7 {[%clk 0:01:20]} Qxd7
{[%clk 0:01:15]} 29. Rd1 {[%clk 0:01:19]} Qd4 {[%clk 0:01:21]} 30. Raxd3
{[%clk 0:01:22]} exd3 {[%clk 0:01:30]} 31. Qxd3 {[%clk 0:01:29]} Qb4
{[%clk 0:01:07]} 32. Qd7 {[%clk 0:01:33]} Qe4+ {[%clk 0:01:16]} 33. Rd3
{[%clk 0:01:35]} Qe1+ {[%clk 0:01:24]} 34. Ka2 {[%clk 0:01:05]} Qa5+
{[%clk 0:01:33]} 35. Ra3 {[%clk 0:01:11]} Qd5+ {[%clk 0:01:41]} 36. Qxd5
{[%clk 0:01:20]} exd5 {[%clk 0:01:51]} 37. Rd3 {[%clk 0:01:26]} Kf7
{[%clk 0:02:00]} 38. Rxd5 {[%clk 0:01:33]} Ke6 {[%clk 0:02:09]} 39. Rd6+
{[%clk 0:01:41]} Kf5 {[%clk 0:02:18]} 40. Rd7 {[%clk 0:01:49]} h5
{[%clk 0:02:12]} 41. Rxb7 {[%clk 0:01:58]} Rc8 {[%clk 0:02:21]} 42. Rb6
{[%clk 0:01:54]} Rc2 {[%clk 0:02:30]} 43. g3 {[%clk 0:01:58]} Rg2
{[%clk 0:02:33]} 44. Rb3 {[%clk 0:02:02]} Re2 {[%clk 0:02:28]} 45. Ka3
{[%clk 0:02:05]} Kg4 {[%clk 0:02:37]} 46. Ka4 {[%clk 0:02:09]} g5
{[%clk 0:02:45]} 47. Rb4+ {[%clk 0:02:05]} Kxg3 {[%clk 0:02:54]} 48. Bxg5
{[%clk 0:02:14]} a5 {[%clk 0:02:52]} 49. Rc4 {[%clk 0:01:54]} Rxb2
{[%clk 0:02:58]} 50. Kxa5 {[%clk 0:02:01]} Re2 {[%clk 0:03:04]} 51. Bf6
{[%clk 0:02:08]} Re3 {[%clk 0:02:49]} 52. Kb6 {[%clk 0:02:11]} Kf3
{[%clk 0:01:56]} 53. Kc6 {[%clk 0:02:15]} Kg3 {[%clk 0:01:29]} 54. Kd7
{[%clk 0:02:13]} Rd3+ {[%clk 0:01:36]} 55. Ke7 {[%clk 0:02:18]} Ra3
{[%clk 0:01:44]} 56. e6 {[%clk 0:02:16]} Ra6 {[%clk 0:01:05]} 57. Kf7
{[%clk 0:02:23]} h4 {[%clk 0:01:11]} 58. Bxh4+ {[%clk 0:02:29]} Kh3
{[%clk 0:01:19]} 59. e7 {[%clk 0:02:28]} 1-0

[Event "Russian Rapid Team Championship (w)"]
[Site "Sochi"]
[Date "2022.10.18"]
[Round "3.10"]
[White "Kharashuta, Ekaterina"]
[Black "Khokhlova, Daria"]
[Result "1/2-1/2"]
[BlackElo "2108"]
[WhiteElo "2241"]
[LiveChessVersion "1.4.8"]

1. Nf3 {[%clk 0:15:19]} Nf6 {[%clk 0:15:19]} 2. g3 {[%clk 0:15:26]} d5
{[%clk 0:15:23]} 3. Bg2 {[%clk 0:15:35]} e6 {[%clk 0:15:18]} 4. O-O
{[%clk 0:15:24]} Be7 {[%clk 0:15:10]} 5. c4 {[%clk 0:15:28]} O-O {[%clk 0:15:10]}
6. d4 {[%clk 0:15:35]} dxc4 {[%clk 0:15:05]} 7. Ne5 {[%clk 0:14:14]} c5
{[%clk 0:14:28]} 8. dxc5 {[%clk 0:13:12]} Bxc5 {[%clk 0:14:28]} 9. Nxc4
{[%clk 0:12:35]} Nc6 {[%clk 0:14:32]} 10. Nc3 {[%clk 0:12:27]} Qc7
{[%clk 0:13:46]} 11. Bg5 {[%clk 0:11:38]} Be7 {[%clk 0:12:20]} 12. Rc1
{[%clk 0:10:54]} Rd8 {[%clk 0:11:57]} 13. Nb5 {[%clk 0:08:14]} Qb8
{[%clk 0:11:27]} 14. Qb3 {[%clk 0:08:19]} a6 {[%clk 0:10:58]} 15. Nc3
{[%clk 0:07:31]} Nd4 {[%clk 0:09:42]} 16. Qb6 {[%clk 0:07:20]} Nd7
{[%clk 0:07:29]} 17. Qxd4 {[%clk 0:06:59]} Bxg5 {[%clk 0:07:37]} 18. e3
{[%clk 0:06:29]} Bf6 {[%clk 0:07:38]} 19. Qd6 {[%clk 0:04:31]} Ne5
{[%clk 0:05:57]} 20. Qxb8 {[%clk 0:04:40]} Rxb8 {[%clk 0:06:06]} 21. Nb6
{[%clk 0:04:33]} Bd7 {[%clk 0:05:14]} 22. Nxd7 {[%clk 0:04:15]} Rxd7
{[%clk 0:05:20]} 23. Ne4 {[%clk 0:03:37]} Be7 {[%clk 0:05:00]} 24. Nc5
{[%clk 0:03:24]} Rd2 {[%clk 0:03:39]} 25. Bxb7 {[%clk 0:02:25]} Rxb2
{[%clk 0:02:45]} 26. Bxa6 {[%clk 0:02:23]} Bxc5 {[%clk 0:02:32]} 27. Rxc5
{[%clk 0:02:25]} Rxa2 {[%clk 0:02:17]} 1/2-1/2

[Event "Russian Rapid Team Championship (w)"]
[Site "Sochi"]
[Date "2022.10.18"]
[Round "3.11"]
[White "Porozhnyak, Maya"]
[Black "Zhapova, Yana"]
[Result "1/2-1/2"]
[BlackElo "2120"]
[WhiteElo "1837"]
[LiveChessVersion "1.4.8"]

1. e4 {[%clk 0:15:19]} c6 {[%clk 0:15:19]} 2. d4 {[%clk 0:15:27]} d5
{[%clk 0:15:27]} 3. exd5 {[%clk 0:15:36]} cxd5 {[%clk 0:15:36]} 4. Bb5+
{[%clk 0:15:45]} Bd7 {[%clk 0:15:43]} 5. Bd3 {[%clk 0:15:54]} Nc6
{[%clk 0:15:52]} 6. c3 {[%clk 0:16:03]} Qc7 {[%clk 0:15:59]} 7. h3
{[%clk 0:16:05]} e5 {[%clk 0:16:06]} 8. dxe5 {[%clk 0:16:14]} Nxe5
{[%clk 0:16:14]} 9. Nf3 {[%clk 0:16:19]} Nxd3+ {[%clk 0:16:17]} 10. Qxd3
{[%clk 0:16:28]} Nf6 {[%clk 0:14:32]} 11. O-O {[%clk 0:16:10]} O-O-O
{[%clk 0:13:47]} 12. Be3 {[%clk 0:15:05]} a6 {[%clk 0:13:17]} 13. Qd4
{[%clk 0:13:53]} Bd6 {[%clk 0:12:49]} 14. a4 {[%clk 0:13:36]} Qc4
{[%clk 0:11:25]} 15. Qa7 {[%clk 0:12:48]} Ne4 {[%clk 0:09:26]} 16. Nbd2
{[%clk 0:10:30]} Nxd2 {[%clk 0:08:18]} 17. Nxd2 {[%clk 0:10:38]} Qc6
{[%clk 0:08:23]} 18. Nb3 {[%clk 0:10:08]} Bb8 {[%clk 0:06:41]} 19. Qd4
{[%clk 0:09:55]} Qc4 {[%clk 0:05:09]} 20. Nd2 {[%clk 0:07:14]} Qxd4
{[%clk 0:05:05]} 21. Bxd4 f6 22. c4 {[%clk 0:06:16]} dxc4 {[%clk 0:03:53]} 23.
Nxc4 {[%clk 0:06:25]} Bc6 {[%clk 0:03:31]} 24. Nb6+ {[%clk 0:06:07]} Kc7
{[%clk 0:03:34]} 25. Be3 {[%clk 0:04:49]} Rd3 {[%clk 0:02:43]} 26. a5 Kd8 27.
Rfd1 {[%clk 0:04:48]} Rxd1+ {[%clk 0:02:48]} 28. Rxd1+ {[%clk 0:04:56]} Ke7
{[%clk 0:02:52]} 29. Bc5+ {[%clk 0:05:01]} Kf7 {[%clk 0:03:03]} 30. b4
{[%clk 0:03:43]} Bc7 31. Nc4 {[%clk 0:03:12]} Rd8 {[%clk 0:02:58]} 32. Re1
{[%clk 0:03:12]} Re8 {[%clk 0:02:39]} 33. Rd1 {[%clk 0:03:03]} Rd8
{[%clk 0:01:59]} 34. Re1 Re8 {[%clk 0:01:46]} 35. Rd1 1/2-1/2

[Event "Russian Rapid Team Championship (w)"]
[Site "Sochi"]
[Date "2022.10.18"]
[Round "3.12"]
[White "Loskutova, Viktoriya"]
[Black "Shvedova, Maria"]
[Result "1/2-1/2"]
[BlackElo "1722"]
[WhiteElo "2027"]
[LiveChessVersion "1.4.8"]

1. e4 {[%clk 0:15:19]} c6 {[%clk 0:15:16]} 2. d4 {[%clk 0:15:28]} d5
{[%clk 0:15:25]} 3. exd5 {[%clk 0:15:37]} cxd5 {[%clk 0:15:34]} 4. Bd3
{[%clk 0:15:45]} Nc6 {[%clk 0:15:42]} 5. c3 {[%clk 0:15:54]} Nf6 {[%clk 0:15:49]}
6. h3 {[%clk 0:16:02]} g6 {[%clk 0:14:25]} 7. Bf4 {[%clk 0:16:10]} Bf5
{[%clk 0:14:30]} 8. Be2 {[%clk 0:16:19]} Bg7 {[%clk 0:14:36]} 9. Nf3
{[%clk 0:16:24]} a6 {[%clk 0:14:24]} 10. a4 {[%clk 0:16:28]} Qb6 {[%clk 0:14:20]}
11. Bc1 {[%clk 0:16:06]} O-O {[%clk 0:14:08]} 12. O-O {[%clk 0:16:14]} Ne4
{[%clk 0:13:29]} 13. Nbd2 {[%clk 0:16:17]} e5 {[%clk 0:12:35]} 14. dxe5
{[%clk 0:16:13]} Nxe5 {[%clk 0:12:32]} 15. Nd4 {[%clk 0:16:17]} Qf6
{[%clk 0:11:54]} 16. Nxf5 {[%clk 0:16:09]} Qxf5 {[%clk 0:12:01]} 17. Qb3
{[%clk 0:14:46]} Qd7 {[%clk 0:10:49]} 18. Nf3 {[%clk 0:14:47]} Nc5
{[%clk 0:10:23]} 19. Qa3 {[%clk 0:14:00]} Qc6 {[%clk 0:09:44]} 20. Be3
{[%clk 0:13:54]} Ne4 {[%clk 0:09:42]} 21. Nxe5 {[%clk 0:13:24]} Bxe5
{[%clk 0:09:49]} 22. Bf3 {[%clk 0:13:19]} Rad8 {[%clk 0:09:23]} 23. Rfd1
{[%clk 0:12:48]} Bb8 {[%clk 0:08:48]} 24. Qb4 {[%clk 0:06:32]} Rfe8
{[%clk 0:08:10]} 25. Qb6 {[%clk 0:06:31]} Qxb6 {[%clk 0:07:16]} 26. Bxb6
{[%clk 0:06:39]} Rd6 {[%clk 0:07:16]} 27. a5 {[%clk 0:06:39]} f5 {[%clk 0:06:50]}
28. Ra4 {[%clk 0:06:34]} Kf7 {[%clk 0:06:19]} 29. Rad4 {[%clk 0:04:30]} Ke6
{[%clk 0:06:11]} 30. Be2 {[%clk 0:04:34]} Rc8 {[%clk 0:05:50]} 31. f3
{[%clk 0:04:10]} Nf6 {[%clk 0:05:11]} 32. Rb4 {[%clk 0:03:52]} Bc7
{[%clk 0:04:30]} 33. Bf2 {[%clk 0:03:27]} Bxa5 {[%clk 0:04:22]} 34. Rxb7
{[%clk 0:03:34]} Rc7 {[%clk 0:04:17]} 35. Rb8 {[%clk 0:03:27]} Nd7
{[%clk 0:03:37]} 36. Rh8 {[%clk 0:03:14]} Ne5 {[%clk 0:03:28]} 37. Re8+
{[%clk 0:02:41]} Re7 {[%clk 0:03:33]} 38. Rxe7+ {[%clk 0:02:48]} Kxe7
{[%clk 0:03:42]} 39. Bc5 {[%clk 0:02:53]} Bb6 {[%clk 0:03:49]} 40. Rxd5
{[%clk 0:02:58]} Nd7 {[%clk 0:03:38]} 41. Bxb6 {[%clk 0:02:22]} Rxd5
{[%clk 0:03:43]} 42. Bd4 {[%clk 0:02:30]} a5 {[%clk 0:03:34]} 43. Bc4
{[%clk 0:02:26]} Rd6 {[%clk 0:03:37]} 44. Kf2 {[%clk 0:02:23]} Rc6
{[%clk 0:03:28]} 45. Bd5 {[%clk 0:02:28]} Rc8 {[%clk 0:03:28]} 46. c4
{[%clk 0:02:33]} Nc5 {[%clk 0:03:12]} 47. Bc3 {[%clk 0:02:33]} a4
{[%clk 0:02:59]} 48. Bb4 {[%clk 0:02:37]} Kd6 {[%clk 0:03:09]} 49. Ke3
{[%clk 0:02:43]} Rb8 {[%clk 0:03:04]} 50. Ba3 {[%clk 0:02:51]} Rb3+
{[%clk 0:02:54]} 51. Kd2 {[%clk 0:02:45]} f4 {[%clk 0:02:43]} 52. Bg8
{[%clk 0:01:42]} h6 {[%clk 0:02:28]} 53. Bh7 {[%clk 0:01:49]} Rd3+
{[%clk 0:01:57]} 54. Kc2 {[%clk 0:01:58]} Rd4 {[%clk 0:01:40]} 55. Kc3
{[%clk 0:02:03]} Rd3+ {[%clk 0:01:50]} 56. Kc2 {[%clk 0:02:12]} Re3
{[%clk 0:01:48]} 57. Bxg6 {[%clk 0:01:38]} Kc6 {[%clk 0:01:57]} 58. Kd2
{[%clk 0:01:28]} Nb3+ {[%clk 0:02:03]} 59. Kd1 {[%clk 0:01:35]} Nc5
{[%clk 0:01:34]} 60. Kd2 {[%clk 0:01:41]} Nb3+ {[%clk 0:01:30]} 61. Kd1
{[%clk 0:01:50]} Na5 {[%clk 0:01:28]} 62. Be4+ {[%clk 0:01:54]} Kc7
{[%clk 0:01:20]} 63. Bd5 {[%clk 0:01:56]} Nb3 {[%clk 0:01:21]} 64. Bb4
{[%clk 0:01:47]} Rd3+ {[%clk 0:01:10]} 65. Kc2 {[%clk 0:01:54]} Re3
{[%clk 0:01:18]} 66. Kd1 {[%clk 0:02:00]} Rd3+ {[%clk 0:01:26]} 67. Kc2
{[%clk 0:02:08]} Re3 {[%clk 0:01:36]} 68. Kd1 {[%clk 0:02:17]} 1/2-1/2